000 00308nam a22001457a 4500
008 210305b ||||| |||| 00| 0 eng d
020 _a0321021711
041 _aeng
080 _27th
_a541
082 _27
_a541
100 _a12
101 _aKIM
245 _aChemistry
_cTimberlake,C.K
942 _2udc
_cBK
999 _c55829
_d55829